00677nam a2200193 a 450000100100000000500170001000800410002702000180006804000250008608200200011110000300013124500520016126000610021330000200027450000700029465000220036465000270038671000700041300004269720240530073922.0140205s2012 dr r 000 p spa d a9789945404883 aDO-SdBNPbspacBNPHU aRD861.44bM385t1 aMartínez, Frank,d1965-10aTres veces niego mi nombre /cFrank Martínez. aSanto Domingo :bEdiciones de Cultura,bSINACREN,c2012. a99 p. ;c23 cm. aIncluye datos biográficos del autor en la solapa de la cubierta 0aNovela dominicana 0aLiteratura dominicana.2 aSistema Nacional de Creación Literaria (República Dominicana)